000 00584nam a2200181Ia 4500
008 090124s9999 xx 000 0 und d
082 _b100577
100 _aआपटे हरि नारायण
245 _a आठवणी व कादंबऱ्या
250 _a1
260 _c1924
300 _a4+218
600 _aआपटे हरि नारायण
630 _a आठवणी व कादंबऱ्या
700 _aआपटे हरि नारायण
730 _a आठवणी व कादंबऱ्या
942 _cBOOK
999 _c146669
_d146669